| 000 | 00887nai a2200217Ia 4500 | ||
|---|---|---|---|
| 003 | IN-BaIIA | ||
| 008 | 211028c9999 xx s 000 0 eng d | ||
| 022 | _a0097-2460 (Print) | ||
| 022 | _a2379-6766 (Online) | ||
| 040 | _cIIA Library | ||
| 245 | 0 |
_aTransactions of the American Institute of Electrical Engineers. Part III: Power Apparatus and Systems _h[eJournal] |
|
| 260 |
_aNew York, USA _bThe Institute of Electrical and Electronics Engineers, Inc. (IEEE) |
||
| 310 | _aAnnually | ||
| 362 | _a71(1); 1952 - 81(3); 1962 | ||
| 521 | _bSubscribed through National Knowledge Resource Consortium (NKRC) | ||
| 650 | _a Components, Circuits, Devices and Systems | ||
| 650 | _a Robotics and Control Systems | ||
| 650 | _aPower, Energy and Industry Applications | ||
| 856 |
_uhttps://ieeexplore.ieee.org/servlet/opac?punumber=4498434 _yClick Here to Access eJournal |
||
| 942 | _cEJ | ||
| 999 |
_c35814 _d35814 |
||